| 000 | 00497nam a2200193Ia 4500 | ||
|---|---|---|---|
| 005 | 20240823050143.0 | ||
| 008 | 240823s9999||||xx |||||||||||||| ||und|| | ||
| 020 | _a978-81-224-2356-3 | ||
| 041 | _aENGLISH | ||
| 082 | _A547.1223 Q1 | ||
| 100 | _aKalsi P S | ||
| 245 | 0 | _aStereochemistry conformation and Mechanism | |
| 250 | _a1st | ||
| 260 |
_c2011 _bNew Age International (P _aNew Delhi |
||
| 500 | _aTRANSFERED | ||
| 650 |
_astereochemistry _bChemistry |
||
| 942 | _cBK | ||
| 999 |
_c216600 _d216600 |
||